Diccionario Océano práctico (Registro nro. 13281)

Detalles MARC
000 -Cabecera
Campo de control de longitud fija 00470nam a22002057a 4500
005 - Fecha y hora de la última transacción
Campo de control 20250219122045.0
008 - Elementos de longitud fija--Información general
Campo de control de longitud fija 220324b2009 xxu||||| |||| 00| 0 spa d
020 ## - International Standard Book Number
Número Internacional Estándar del Libro (ISBN) 9788449421044
041 ## - Idioma
Código de idioma Español
-- Alemán
082 ## - Clasificación Decimal Dewey
Número de clasificación R 433.6 D545d
245 ## - Título propiamente dicho
Título Diccionario Océano práctico
260 ## - Pie de imprenta
Lugar de publicación, distribución, etc. España
260 ## - Pie de imprenta
Nombre del editor, distribuidor, etc. Océano
260 ## - Pie de imprenta
Fecha de publicación, distribución, etc. 2009
300 ## - Descripción física
Extensión 751 páginas
650 ## - Materia general
Temática (materia general) DICCIONARIOS
650 ## - Materia general
Temática (materia general) ESPAÑOL
650 ## - Materia general
Temática (materia general) ALEMÁN
942 ## - Punto de acceso adicional KOHA
Tipo de ítem KOHA Referencia
Fuente del sistema de clasificación o colocación Dewey Decimal Classification
Existencias
Signatura completa Código de barras Tipo de ítem
R 433.6 D545d 15207 Referencia